Tìm hiểu sơ lược quá trình phát triển kinh tế Nhật Bản từ năm 1945 đến năm 1995 Luận văn tốt nghiệp Đại học Sư phạm ngành Địa Khóa 19

Wedi'i Gadw mewn:
Manylion Llyfryddiaeth
Prif Awdur: Võ Thị Thanh Trúc
Fformat: Llyfr
Iaith:Undetermined
Cyhoeddwyd: Cần Thơ Trường Đại Học Cần Thơ, Khoa Sư phạm, Bộ môn Địa 1997
Pynciau:
Tagiau: Ychwanegu Tag
Dim Tagiau, Byddwch y cyntaf i dagio'r cofnod hwn!
Thư viện lưu trữ: Trung tâm Học liệu Trường Đại học Cần Thơ
LEADER 00793nam a2200193Ia 4500
001 CTU_18931
008 210402s9999 xx 000 0 und d
082 |a 338.9 
082 |b Tr506/1997 
100 |a Võ Thị Thanh Trúc 
245 0 |a Tìm hiểu sơ lược quá trình phát triển kinh tế Nhật Bản từ năm 1945 đến năm 1995 
245 0 |b Luận văn tốt nghiệp Đại học Sư phạm ngành Địa Khóa 19 
245 0 |c Võ Thị Thanh Trúc 
260 |a Cần Thơ 
260 |b Trường Đại Học Cần Thơ, Khoa Sư phạm, Bộ môn Địa 
260 |c 1997 
650 |a economics - japan, 1945 - 1995 
904 |i Huỳnh Thị Trang, 971001 
980 |a Trung tâm Học liệu Trường Đại học Cần Thơ